<?xml version="1.0" encoding="UTF-8"?>
<record
    xmlns:xsi="http://www.w3.org/2001/XMLSchema-instance"
    xsi:schemaLocation="http://www.loc.gov/MARC21/slim http://www.loc.gov/standards/marcxml/schema/MARC21slim.xsd"
    xmlns="http://www.loc.gov/MARC21/slim">

  <leader>00716nam a22001697a 4500</leader>
  <datafield tag="999" ind1=" " ind2=" ">
    <subfield code="c">63600</subfield>
    <subfield code="d">63600</subfield>
  </datafield>
  <controlfield tag="003">Ge_BSU</controlfield>
  <controlfield tag="005">20251112211321.0</controlfield>
  <controlfield tag="008">251112s1956    ge ||||| |||| 00| 0 geo d</controlfield>
  <datafield tag="041" ind1=" " ind2=" ">
    <subfield code="a">geo</subfield>
  </datafield>
  <datafield tag="080" ind1=" " ind2=" ">
    <subfield code="a">657.1 : 657.6/9  &#x10D2;-69</subfield>
  </datafield>
  <datafield tag="100" ind1=" " ind2=" ">
    <subfield code="a">&#x10D2;&#x10DD;&#x10D2;&#x10D4;&#x10D1;&#x10D0;&#x10E8;&#x10D5;&#x10D8;&#x10DA;&#x10D8;, &#x10E8;.</subfield>
    <subfield code="9">26211</subfield>
  </datafield>
  <datafield tag="245" ind1=" " ind2=" ">
    <subfield code="a">&#x10E1;&#x10D0;&#x10D1;&#x10E3;&#x10EE;&#x10F0;&#x10D0;&#x10DA;&#x10E2;&#x10E0;&#x10DD; &#x10D0;&#x10E6;&#x10E0;&#x10D8;&#x10EA;&#x10EE;&#x10D5;&#x10D8;&#x10E1; &#x10E1;&#x10D0;&#x10E4;&#x10E3;&#x10EB;&#x10D5;&#x10DA;&#x10D4;&#x10D1;&#x10D8; &#x10E1;&#x10D0;&#x10D1;&#x10ED;&#x10DD;&#x10D7;&#x10D0; &#x10D5;&#x10D0;&#x10ED;&#x10E0;&#x10DD;&#x10D1;&#x10D0;&#x10E8;&#x10D8; :</subfield>
    <subfield code="b">&#x10DC;&#x10D0;&#x10EC;&#x10D8;&#x10DA;&#x10D8; 1 /</subfield>
    <subfield code="c">&#x10E8;&#x10D0;&#x10DA;&#x10D5;&#x10D0; &#x10D2;&#x10DD;&#x10D2;&#x10D4;&#x10D1;&#x10D0;&#x10E8;&#x10D5;&#x10D8;&#x10DA;&#x10D8;.</subfield>
  </datafield>
  <datafield tag="264" ind1=" " ind2=" ">
    <subfield code="a">&#x10D7;&#x10D1;&#x10D8;&#x10DA;&#x10D8;&#x10E1;&#x10D8;, </subfield>
    <subfield code="c">1956.</subfield>
  </datafield>
  <datafield tag="300" ind1=" " ind2=" ">
    <subfield code="a">314 &#x10D2;&#x10D5;.;</subfield>
    <subfield code="b">23 &#x10E1;&#x10DB;.</subfield>
  </datafield>
  <datafield tag="653" ind1=" " ind2=" ">
    <subfield code="a">&#x10E1;&#x10D0;&#x10D1;&#x10E3;&#x10EE;&#x10F0;&#x10D0;&#x10DA;&#x10E2;&#x10E0;&#x10DD; &#x10D0;&#x10E6;&#x10E0;&#x10D8;&#x10EA;&#x10EE;&#x10D5;&#x10D0;</subfield>
  </datafield>
  <datafield tag="942" ind1=" " ind2=" ">
    <subfield code="2">udc</subfield>
    <subfield code="c">&#x1CAC;&#x1C98;&#x1C92;&#x1C9C;&#x1C98;</subfield>
  </datafield>
  <datafield tag="952" ind1=" " ind2=" ">
    <subfield code="0">0</subfield>
    <subfield code="1">0</subfield>
    <subfield code="2">udc</subfield>
    <subfield code="4">0</subfield>
    <subfield code="6">6571__65769_&#x10D2;69</subfield>
    <subfield code="7">0</subfield>
    <subfield code="9">104740</subfield>
    <subfield code="a">CPL</subfield>
    <subfield code="b">CPL</subfield>
    <subfield code="c">GEN</subfield>
    <subfield code="d">2025-11-12</subfield>
    <subfield code="g">2.00</subfield>
    <subfield code="o">657.1 : 657.6/9  &#x10D2;-69</subfield>
    <subfield code="p">73061</subfield>
    <subfield code="r">2025-11-12</subfield>
    <subfield code="t">73061</subfield>
    <subfield code="w">2025-11-12</subfield>
    <subfield code="y">&#x1CAC;&#x1C98;&#x1C92;&#x1C9C;&#x1C98;</subfield>
    <subfield code="z">2 &#x10DA;. 16 &#x10D7;.</subfield>
  </datafield>
  <datafield tag="952" ind1=" " ind2=" ">
    <subfield code="0">0</subfield>
    <subfield code="1">0</subfield>
    <subfield code="2">udc</subfield>
    <subfield code="4">0</subfield>
    <subfield code="6">6571__65769_&#x10D2;69</subfield>
    <subfield code="7">0</subfield>
    <subfield code="9">104741</subfield>
    <subfield code="a">CPL</subfield>
    <subfield code="b">CPL</subfield>
    <subfield code="c">GEN</subfield>
    <subfield code="d">2025-11-12</subfield>
    <subfield code="g">2.00</subfield>
    <subfield code="o">657.1 : 657.6/9  &#x10D2;-69</subfield>
    <subfield code="p">73062</subfield>
    <subfield code="r">2025-11-12</subfield>
    <subfield code="t">73062</subfield>
    <subfield code="w">2025-11-12</subfield>
    <subfield code="y">&#x1CAC;&#x1C98;&#x1C92;&#x1C9C;&#x1C98;</subfield>
    <subfield code="z">2 &#x10DA;. 16 &#x10D7;.</subfield>
  </datafield>
  <datafield tag="952" ind1=" " ind2=" ">
    <subfield code="0">0</subfield>
    <subfield code="1">0</subfield>
    <subfield code="2">udc</subfield>
    <subfield code="4">0</subfield>
    <subfield code="6">6571__65769_&#x10D2;69</subfield>
    <subfield code="7">0</subfield>
    <subfield code="9">104742</subfield>
    <subfield code="a">CPL</subfield>
    <subfield code="b">CPL</subfield>
    <subfield code="c">GEN</subfield>
    <subfield code="d">2025-11-12</subfield>
    <subfield code="g">2.00</subfield>
    <subfield code="o">657.1 : 657.6/9  &#x10D2;-69</subfield>
    <subfield code="p">73063</subfield>
    <subfield code="r">2025-11-12</subfield>
    <subfield code="t">73063</subfield>
    <subfield code="w">2025-11-12</subfield>
    <subfield code="y">&#x1CAC;&#x1C98;&#x1C92;&#x1C9C;&#x1C98;</subfield>
    <subfield code="z">2 &#x10DA;. 16 &#x10D7;.</subfield>
  </datafield>
</record>
